Statistics for The Unsinkables

Click here to take the quiz!

General Stats

  • This quiz has been taken 4 times
  • The average score is 5 of 10

Answer Stats

Last relegatedAnswer% Correct
1913Arsenal
100%
1951Everton
100%
1977Tottenham
100%
1988Chelsea
100%
1954Liverpool
50%
1960Accrington Stanley
0%
1974Man Utd
0%
1987Newport
0%
1997Oldham
0%
1998Stoke
0%

Score Distribution

Percentile by Number Answered

Percent of People with Each Score

Your Score History

You have not taken this quiz